[Event "Dresden ZMD op-B 21st"]
[White "Richter, Stefan"]
[Black "Sicora, Carsten"]
[Site "Dresden"]
[Round "6"]
[Result "0-1"]
[Date "2012.08.23"]
[WhiteElo "1754"]
[BlackElo "1794"]
[PlyCount "82"]
[EventDate "2012.08.18"]
[EventType "swiss"]
[EventRounds "9"]
[EventCountry "GER"]
[SourceTitle "CBM 150 Extra"]
[Source "ChessBase"]
[SourceDate "2012.10.19"]
[SourceVersion "1"]
[SourceVersionDate "2012.10.19"]
[SourceQuality "1"]

1. e4 g6 2. Nf3 Bg7 3. Bc4 d6 4. 0-0 Nf6 5. Qe2 0-0 6. Nc3 c6 7. a4 d5 8. Bb3 dxe4 9. Nxe4 Nxe4 10. Qxe4 Bf5 11. Qe3 Na6 12. c3 Nc7 13. d4 Nd5 14. Bxd5 cxd5 15. Re1 Re8 16. Ne5 f6 17. Nf3 e5 18. Bd2 Rc8 19. dxe5 b6 20. Qf4 Rc4 21. Qg3 Rg4 22. Qh3 fxe5 23. Rad1 Rxa4 24. Qg3 Rg4 25. Qh3 h5 26. Kh1 h4 27. Ng1 Rg3 28. hxg3 Bxh3 29. gxh3 hxg3 30. fxg3 d4 31. Kh2 d3 32. Nf3 e4 33. Nh4 Kh7 34. Ng2 Be5 35. Nf4 Bc7 36. h4 g5 37. hxg5 Qxg5 38. Kg2 Qg4 39. Rh1+ Kg8 40. Rde1 Qf3+ 41. Kh3 Re7 0-1

[Event "Dresden ZMD op-B 21st"]
[White "Sicora, Carsten"]
[Black "Bryan, Mark"]
[Site "Dresden"]
[Round "3"]
[Result "1/2-1/2"]
[Date "2012.08.20"]
[WhiteElo "1794"]
[BlackElo "1827"]
[PlyCount "123"]
[EventDate "2012.08.18"]
[EventType "swiss"]
[EventRounds "9"]
[EventCountry "GER"]
[SourceTitle "CBM 150 Extra"]
[Source "ChessBase"]
[SourceDate "2012.10.19"]
[SourceVersion "1"]
[SourceVersionDate "2012.10.19"]
[SourceQuality "1"]

1. e4 c5 2. c3 d5 3. exd5 Qxd5 4. d4 Nc6 5. Nf3 Bg4 6. Be2 cxd4 7. cxd4 e6 8. Nc3 Qa5 9. h3 Bh5 10. 0-0 Nf6 11. Be3 a6 12. Qb3 Qb4 13. Qxb4 Bxb4 14. a3 Bd6 15. Rad1 Rd8 16. g4 Bg6 17. Bg5 Be7 18. Rfe1 0-0 19. Bc4 h6 20. Bf4 Bd6 21. Be5 Be7 22. Bc7 Rd7 23. Bb6 Bd8 24. Bc5 Be7 25. Bxe7 Nxe7 26. Ne5 Rdd8 27. Nxg6 Nxg6 28. d5 exd5 29. Nxd5 Nxd5 30. Bxd5 Nf4 31. Bxb7 Nxh3+ 32. Kf1 Rb8 33. Rd7 Nf4 34. Ree7 Ng6 35. Re3 a5 36. b3 Rfd8 37. Rxd8+ Rxd8 38. Ke2 Rb8 39. Bc6 Rb6 40. Be4 Nf4+ 41. Kd2 Rd6+ 42. Kc2 Ne6 43. Kc3 Rb6 44. b4 axb4+ 45. axb4 Kf8 46. Kc4 Ke7 47. b5 Kd6 48. Rd3+ Kc7 49. Bc6 Rxc6+ 50. bxc6 Kxc6 51. Rf3 Nd8 52. Rf5 Kd6 53. f4 Ke7 54. Rb5 Ne6 55. f5 Nf4 56. Rb6 Nh3 57. Kd5 Nf2 58. Rb4 Kf6 59. Rf4 Nh3 60. Rf3 Ng5 61. Ra3 Nh7 62. Ra7 1/2-1/2

[Event "Kiel op 25th"]
[White "Sicora, Carsten"]
[Black "Kollhoff, Josef"]
[Site "Kiel"]
[Round "3"]
[Result "1/2-1/2"]
[Date "2012.07.29"]
[WhiteElo "1904"]
[BlackElo "1669"]
[PlyCount "82"]
[EventDate "2012.07.28"]
[EventType "swiss"]
[EventRounds "9"]
[EventCountry "GER"]
[SourceTitle "EXT 2015"]
[Source "ChessBase"]
[SourceDate "2014.11.20"]
[SourceVersion "1"]
[SourceVersionDate "2014.11.20"]
[SourceQuality "1"]

1. e4 c6 2. d4 d5 3. Nc3 dxe4 4. Nxe4 Bf5 5. Ng3 Bg6 6. Nf3 Nd7 7. h4 h6 8. h5 Bh7 9. Bd3 Bxd3 10. Qxd3 e6 11. Bf4 Ngf6 12. 0-0 Nd5 13. Be5 N7f6 14. c4 Nb6 15. Rad1 Be7 16. Rfe1 0-0 17. Qb3 Qc8 18. Bf4 Re8 19. a4 Bd8 20. Ne4 Nxe4 21. Rxe4 Bc7 22. Ne5 Rb8 23. Qg3 Kf8 24. a5 Na8 25. b4 a6 26. Re3 Qd8 27. Rf3 Re7 28. Ng6+ Kg8 29. Nxe7+ Qxe7 30. Be5 Bxe5 31. Qxe5 Rd8 32. Rg3 f6 33. Qe3 Kf7 34. Qd3 Kg8 35. Re1 Qf7 36. Qe2 Re8 37. Qe3 Nc7 38. Rg6 Kh8 39. Qe4 Re7 40. Qg4 Rd7 41. Qe4 Qe7 1/2-1/2

[Event "Zehlendorf op"]
[White "Sicora, Carsten"]
[Black "Meinicke, Kurt"]
[Site "Berlin"]
[Round "1"]
[Result "1-0"]
[Date "2012.05.10"]
[WhiteElo "1914"]
[BlackElo "1533"]
[PlyCount "33"]
[EventDate "2012.05.10"]
[EventType "swiss"]
[EventRounds "7"]
[EventCountry "GER"]
[SourceTitle "EXT 2022"]
[Source "ChessBase"]
[SourceDate "2021.10.06"]
[SourceVersion "1"]
[SourceVersionDate "2021.10.06"]
[SourceQuality "1"]

1. e4 e5 2. Nf3 Nc6 3. Bb5 a6 4. Ba4 Nf6 5. 0-0 b5 6. Bb3 Na5 7. d4 Nxb3 8. axb3 d6 9. dxe5 Nxe4 10. Qd5 Bf5 11. Qc6+ Ke7 12. Nc3 Nc5 13. Nd5+ Ke6 14. Nd4+ Kxe5 15. f4+ Kxd4 16. c3+ Kd3 17. Nb4+ 1-0

[Event "Berlin-ch qualification"]
[White "Sicora, Carsten"]
[Black "Mahler, Sonja"]
[Site "Berlin-Lichtenrade"]
[Round "7.13"]
[Result "0-1"]
[Date "2012.04.12"]
[WhiteElo "1943"]
[BlackElo "1635"]
[PlyCount "120"]
[EventDate "2012.04.08"]
[EventType "swiss"]
[EventRounds "9"]
[EventCountry "GER"]
[SourceTitle "EXT 2022"]
[Source "ChessBase"]
[SourceDate "2021.10.06"]
[SourceVersion "1"]
[SourceVersionDate "2021.10.06"]
[SourceQuality "1"]

1. e4 e5 2. Nf3 Nc6 3. Bc4 h6 4. 0-0 Bc5 5. c3 d6 6. d4 exd4 7. cxd4 Bb6 8. Re1 Bg4 9. e5 d5 10. Bb5 Nge7 11. Be3 0-0 12. Nc3 Bxf3 13. gxf3 Qc8 14. Kh1 Qh3 15. Rg1 Rad8 16. Rg3 Qh4 17. Rg4 Qh5 18. Ne2 f5 19. Nf4 Qf7 20. Rg2 Kh7 21. h4 Rg8 22. e6 Qe8 23. h5 g5 24. hxg6+ Nxg6 25. Rh2 Nxf4 26. Bxf4 Rg6 27. e7 Qxe7 28. Bxc6 bxc6 29. Qd2 Qg7 30. Be5 Qg8 31. Bf4 Qg7 32. Be5 Qg8 33. Re1 Re8 34. Qf4 a5 35. Rc1 Rf8 36. a4 Rf7 37. Rh5 Qf8 38. Qh4 Qg8 39. Bf4 Rff6 40. Be5 Rf7 41. Bf4 Rff6 42. Be5 Rf8 43. Kh2 Rf7 44. Re1 c5 45. Bf4 Qg7 46. Re8 Rff6 47. Be5 Qf7 48. Ra8 cxd4 49. Bxf6 Rxf6 50. Rg5 Rg6 51. Rxg6 Kxg6 52. Qg3+ Kh7 53. Rd8 d3 54. Qe5 Qh5+ 55. Kg1 Qg5+ 56. Kf1 Qxd8 57. Qxf5+ Kg7 58. Qxd3 Qh4 59. Qc2 Qc4+ 60. Qxc4 dxc4 0-1

[Event "Berlin-ch qualification"]
[White "Muenstermann, Claudia"]
[Black "Sicora, Carsten"]
[Site "Berlin-Lichtenrade"]
[Round "6.12"]
[Result "1/2-1/2"]
[Date "2012.04.11"]
[WhiteElo "1792"]
[BlackElo "1943"]
[PlyCount "49"]
[EventDate "2012.04.08"]
[EventType "swiss"]
[EventRounds "9"]
[EventCountry "GER"]
[SourceTitle "EXT 2022"]
[Source "ChessBase"]
[SourceDate "2021.10.06"]
[SourceVersion "1"]
[SourceVersionDate "2021.10.06"]
[SourceQuality "1"]

1. e4 d6 2. d4 Nf6 3. Nc3 g6 4. f4 Bg7 5. Nf3 c6 6. Bd3 0-0 7. 0-0 b5 8. Bd2 b4 9. Ne2 Qb6 10. Kh1 Ba6 11. c4 c5 12. d5 Nbd7 13. Ng3 e6 14. Qc2 Ne8 15. f5 e5 16. h4 h5 17. Ng5 Nc7 18. Rf2 Nf6 19. Be2 Rae8 20. Raf1 Re7 21. b3 Bc8 22. Qd1 Nce8 23. Nh3 Rb7 24. Qc1 Kh7 25. Ng5+ 1/2-1/2

[Event "Potsdam Christmas 35th"]
[White "Schwedek, Tony"]
[Black "Sicora, Carsten"]
[Site "Potsdam"]
[Round "6.20"]
[Result "0-1"]
[Date "2010.12.29"]
[WhiteElo "1456"]
[BlackElo "1981"]
[PlyCount "78"]
[EventDate "2010.12.27"]
[EventType "swiss"]
[EventRounds "7"]
[EventCountry "GER"]
[SourceTitle "EXT 2022"]
[Source "ChessBase"]
[SourceDate "2021.10.06"]
[SourceVersion "1"]
[SourceVersionDate "2021.10.06"]
[SourceQuality "1"]

1. d4 Nf6 2. c4 g6 3. Nc3 Bg7 4. e4 d6 5. Nf3 0-0 6. Be2 e5 7. dxe5 dxe5 8. Qxd8 Rxd8 9. Bg5 Re8 10. 0-0-0 Na6 11. Ne1 Be6 12. f3 h6 13. Be3 c6 14. Nc2 Bf8 15. a3 Nc5 16. b4 Ncd7 17. Bf2 Nb6 18. Ne3 a5 19. c5 axb4 20. axb4 Na4 21. Nxa4 Rxa4 22. Nc2 Rea8 23. Be1 Nd7 24. Bc3 f6 25. Kd2 b6 26. cxb6 Nxb6 27. Ra1 Bb3 28. Rxa4 Nxa4 29. Ra1 Rd8+ 30. Bd3 c5 31. bxc5 Nxc5 32. Ne1 Nxd3 33. Nxd3 Bc4 34. Rd1 Rxd3+ 35. Kc2 Rxd1 36. Kxd1 Kf7 37. g3 Bc5 38. Bd2 h5 39. f4 Bd3 0-1

[Event "Potsdam Christmas 35th"]
[White "Sicora, Carsten"]
[Black "Schrodt, Horst"]
[Site "Potsdam"]
[Round "3.27"]
[Result "1-0"]
[Date "2010.12.28"]
[WhiteElo "1981"]
[BlackElo "1699"]
[PlyCount "59"]
[EventDate "2010.12.27"]
[EventType "swiss"]
[EventRounds "7"]
[EventCountry "GER"]
[SourceTitle "EXT 2022"]
[Source "ChessBase"]
[SourceDate "2021.10.06"]
[SourceVersion "1"]
[SourceVersionDate "2021.10.06"]
[SourceQuality "1"]

1. e4 c6 2. d4 d5 3. Nc3 dxe4 4. Nxe4 Bf5 5. Ng3 Bg6 6. Nf3 Nd7 7. h4 h5 8. Bd3 Bxd3 9. Qxd3 e6 10. Bf4 Ngf6 11. 0-0-0 Nd5 12. Bg5 Be7 13. Ne4 N7f6 14. Kb1 Nxe4 15. Qxe4 Nf6 16. Qe2 Qc7 17. Ne5 Nd5 18. c4 Nf6 19. Rhe1 Bb4 20. d5 cxd5 21. cxd5 Bxe1 22. dxe6 Bb4 23. Qb5+ Kf8 24. Qxb4+ Kg8 25. exf7+ Kh7 26. Bxf6 gxf6 27. Qe4+ Kg7 28. Qg6+ Kf8 29. Nd7+ Ke7 30. Qxf6# 1-0

[Event "Berlin Eckbauer op 13th"]
[White "Sicora, Carsten"]
[Black "Oginski, Ulrich"]
[Site "Berlin"]
[Round "7.13"]
[Result "0-1"]
[Date "2010.11.01"]
[WhiteElo "1932"]
[BlackElo "1826"]
[PlyCount "48"]
[EventDate "2010.09.13"]
[EventType "swiss"]
[EventRounds "7"]
[EventCountry "GER"]
[SourceTitle "EXT 2022"]
[Source "ChessBase"]
[SourceDate "2021.10.06"]
[SourceVersion "1"]
[SourceVersionDate "2021.10.06"]
[SourceQuality "1"]

1. e4 c6 2. Nf3 d5 3. Nc3 dxe4 4. Nxe4 Nd7 5. Nfg5 Ngf6 6. Bc4 e6 7. Qe2 Nxe4 8. Nxe4 Nf6 9. 0-0 Be7 10. c3 c5 11. d4 cxd4 12. Rd1 0-0 13. Rxd4 Qc7 14. Ng5 h6 15. Bf4 Qb6 16. Ne4 Nxe4 17. Qxe4 Qxb2 18. Rb1 Qxc3 19. Bd2 Qa3 20. Rd3 Qa4 21. Rg3 Rd8 22. Qe5 f6 23. Bxe6+ Kf8 24. Qf5 Rxd2 0-1

[Event "Berlin Eckbauer op 13th"]
[White "Hennings, Dirk"]
[Black "Sicora, Carsten"]
[Site "Berlin"]
[Round "6.18"]
[Result "0-1"]
[Date "2010.10.25"]
[WhiteElo "1744"]
[BlackElo "1932"]
[PlyCount "70"]
[EventDate "2010.09.13"]
[EventType "swiss"]
[EventRounds "7"]
[EventCountry "GER"]
[SourceTitle "EXT 2022"]
[Source "ChessBase"]
[SourceDate "2021.10.06"]
[SourceVersion "1"]
[SourceVersionDate "2021.10.06"]
[SourceQuality "1"]

1. e4 e6 2. d4 d5 3. exd5 exd5 4. c4 Nf6 5. Nf3 Be7 6. Nc3 0-0 7. Bd3 dxc4 8. Bxc4 Bg4 9. 0-0 Nbd7 10. Qd3 Nb6 11. Bb3 Nbd5 12. Ne5 Be6 13. a3 c6 14. Bc2 g6 15. Qf3 Nxc3 16. bxc3 Qd5 17. Bh6 Qxf3 18. Nxf3 Rfd8 19. Rfe1 Nd5 20. Bg5 Re8 21. Bb3 Bf8 22. Bxd5 Bxd5 23. Re3 Kg7 24. a4 f6 25. Bf4 g5 26. Bg3 h5 27. Rb1 b6 28. h4 g4 29. Nd2 Rxe3 30. fxe3 Re8 31. Bf4 c5 32. c4 Be4 33. Nxe4 Rxe4 34. dxc5 Bxc5 35. a5 Rxf4 0-1

[Event "Potsdam Christmas 34th"]
[White "Ispirjan, Mikael"]
[Black "Sicora, Carsten"]
[Site "Potsdam"]
[Round "5.16"]
[Result "1/2-1/2"]
[Date "2009.12.29"]
[WhiteElo "1756"]
[BlackElo "1926"]
[PlyCount "65"]
[EventDate "2009.12.27"]
[EventType "swiss"]
[EventRounds "7"]
[EventCountry "GER"]
[SourceTitle "EXT 2022"]
[Source "ChessBase"]
[SourceDate "2021.10.06"]
[SourceVersion "1"]
[SourceVersionDate "2021.10.06"]
[SourceQuality "1"]

1. e4 e5 2. Nf3 Nc6 3. Bb5 a6 4. Ba4 Nf6 5. 0-0 b5 6. Bb3 Nxe4 7. Re1 d5 8. d3 Nf6 9. Nxe5 Nxe5 10. Rxe5+ Be6 11. Bg5 Bd6 12. Re1 0-0 13. d4 Re8 14. Nd2 h6 15. Bh4 g5 16. Bg3 Bxg3 17. fxg3 Qd6 18. Rf1 Ng4 19. Qf3 f5 20. Rae1 Nf6 21. c3 Rf8 22. Qe2 Ne4 23. Bc2 Rae8 24. Qd1 Kg7 25. Rf3 c5 26. Nb3 c4 27. Nd2 a5 28. a3 Bd7 29. Nb1 b4 30. axb4 axb4 31. Nd2 Qb6 32. Bxe4 fxe4 33. Rxf8 1/2-1/2

[Event "Potsdam Christmas 34th"]
[White "Reyher, Susan"]
[Black "Sicora, Carsten"]
[Site "Potsdam"]
[Round "1.28"]
[Result "0-1"]
[Date "2009.12.27"]
[WhiteElo "999"]
[BlackElo "1926"]
[PlyCount "106"]
[EventDate "2009.12.27"]
[EventType "swiss"]
[EventRounds "7"]
[EventCountry "GER"]
[SourceTitle "EXT 2022"]
[Source "ChessBase"]
[SourceDate "2021.10.06"]
[SourceVersion "1"]
[SourceVersionDate "2021.10.06"]
[SourceQuality "1"]

1. e4 e6 2. d4 d5 3. Nc3 Nf6 4. Bd3 c5 5. dxc5 Nc6 6. Nf3 dxe4 7. Nxe4 Nxe4 8. Bxe4 Qxd1+ 9. Kxd1 Bxc5 10. Ke2 Bd7 11. Rd1 0-0-0 12. Bf4 f6 13. Bxc6 Bxc6 14. c3 e5 15. Be3 Bb5+ 16. Ke1 Bxe3 17. fxe3 Bc6 18. b4 g5 19. Kf2 h5 20. a4 Rxd1 21. Rxd1 Bxa4 22. Rd5 Bc6 23. Rc5 Kd7 24. b5 Be4 25. Nd2 Bc2 26. Rd5+ Ke7 27. c4 Rd8 28. Rxd8 Kxd8 29. h3 f5 30. Kf3 Ke7 31. g4 hxg4+ 32. hxg4 Bd1+ 33. Kg3 Bxg4 34. Nf3 Bxf3 35. Kxf3 Kd6 36. e4 f4 37. Kg4 Kc5 38. Kf3 Kxc4 39. b6 a5 40. Kg4 a4 41. Kxg5 f3 42. Kf5 Kd4 43. Ke6 f2 44. Kd7 f1Q 45. Kc7 Qa6 46. Kb8 Qxb6 47. Kc8 Qe6+ 48. Kxb7 a3 49. Kc7 a2 50. Kd8 Qf7 51. Kc8 a1Q 52. Kb8 Qaa7+ 53. Kc8 Qe8# 0-1